Name every Minecraft mob - Statistics

General Stats
  • This quiz has been taken 37 times
    36 since last reset
  • The average score is 32 of 69
Answer Stats
Mobs answered % Correct
Cow
88%
Pig
88%
Chicken
85%
Zombie
85%
Skeleton
81%
Ender Dragon
73%
Villager/ Wandering trader
73%
Creeper
65%
Horse
65%
Wolf
65%
Blaze
62%
Salmon
62%
Sheep
62%
Spider
62%
Wither
62%
Cat
58%
Llama / Trader Llama
58%
Parrot
58%
Cod
54%
Donkey
54%
Endermite
54%
Piglin
54%
Witch
54%
Wither Skeleton
54%
Axolotl
50%
Bee
50%
Ghast
50%
Slime / Magma Cube
50%
Tropical Fish
50%
Drowned
46%
Guardian/ Elder Guardian
46%
Mule
46%
Pillager
46%
Pufferfish
46%
Cave spider
42%
Goat
42%
Iron Golem
42%
Rabbit
42%
Snow Golem
42%
Allay
38%
Bat
38%
Hoglin
38%
Husk
38%
Ocelot
38%
Skeleton Horse
38%
Vindicator
38%
Evoker
35%
Panda
35%
Phantom
35%
Polar Bear
35%
Ravager
35%
Squid
35%
Stray
35%
Strider
35%
Warden
35%
Shulker
31%
Zoglin
31%
Fox
27%
Frog
27%
Mooshroom
27%
Vex
27%
Camel
23%
Piglin Brute
23%
Zombie Villager
23%
Glow Squid
19%
Turtle
19%
Sniffer
15%
Tadpole
15%
Skeleton Horseman
8%
No matching quizzes found
Score Distribution
Percent of People with Each Score
Percentile by Number Answered
Your Score History
You have not taken this quiz since the last reset